Počasí : zemská atmosféra, srážky, meteorologie, klimatická pásma, životní prostředí / [ilustrátoři Jean-Yves Ahern ... et al.]
Record details
- ISBN: 80-7321-062-2
- Physical Description: 128 s. : barev. il. ; 29 cm
- Edition: 1. vyd.
- Publisher: Praha : Fortuna Print, 2003
Content descriptions
| General Note: | Z angličtiny přeložil Luděk Skok Terminologický slovník |
| Bibliography, etc. Note: | Obsahuje rejstřík |
Search for related items by subject
| Subject: | počasí meteorologie meteorology weather |
| Genre: | populárně-naučné publikace popular works |
Search for related items by series
Available copies
- 1 of 1 copy available at Common Catalog SPOK.
Holds
- 0 current holds with 1 total copy.
Show All Copies
| Location | Call Number / Copy Notes | Barcode | Shelving Location | Status | Due Date |
|---|---|---|---|---|---|
| Varianty | GRV Po | 4605400412 | Šafaříkova 17 - 5. patro, GRV | Available | - |
Electronic resources
Version of Resource: Digitalizovaný dokument
| LDR | 01546nam a2200445 a 4500 | ||
|---|---|---|---|
| 001 | 31084 | ||
| 003 | CZ-PrJAB | ||
| 005 | 20190218140138.0 | ||
| 007 | tu | ||
| 008 | 030821s2003 xr a e 001 0 cze | ||
| 015 | . | ‡acnb001243573 | |
| 020 | . | ‡a80-7321-062-2 ‡q(váz.) | |
| 035 | . | ‡a(CZ PrNK)cpk20031243573 | |
| 035 | . | ‡a(OCoLC)53262870 | |
| 040 | . | ‡aABA001 ‡bcze | |
| 041 | 1 | . | ‡acze ‡heng |
| 072 | 7. | ‡a551 ‡xGeologie. Meteorologie. Klimatologie ‡2Konspekt ‡97 | |
| 080 | . | ‡a551.515 ‡2MRF | |
| 080 | . | ‡a551.5 ‡2MRF | |
| 080 | . | ‡a(0.062) ‡2MRF | |
| 245 | 0 | 0. | ‡aPočasí : ‡bzemská atmosféra, srážky, meteorologie, klimatická pásma, životní prostředí / ‡c[ilustrátoři Jean-Yves Ahern ... et al.] |
| 250 | . | ‡a1. vyd. | |
| 260 | . | ‡aPraha : ‡bFortuna Print, ‡c2003 | |
| 300 | . | ‡a128 s. : ‡bbarev. il. ; ‡c29 cm | |
| 490 | 1 | . | ‡aCesty za poznáním |
| 500 | . | ‡aZ angličtiny přeložil Luděk Skok | |
| 500 | . | ‡aTerminologický slovník | |
| 504 | . | ‡aObsahuje rejstřík | |
| 650 | 0 | 7. | ‡apočasí ‡7ph124495 ‡2czenas |
| 650 | 0 | 7. | ‡ameteorologie ‡7ph115269 ‡2czenas |
| 650 | 0 | 9. | ‡ameteorology ‡2eczenas |
| 650 | 0 | 9. | ‡aweather ‡2eczenas |
| 655 | 7. | ‡apopulárně-naučné publikace ‡7fd131864 ‡2czenas | |
| 655 | 9. | ‡apopular works ‡2eczenas | |
| 700 | 1 | . | ‡aAhern, Jean-Yves ‡4ill |
| 765 | 0 | . | ‡tUnderstanding climate and the environment ‡9Česky |
| 830 | 0. | ‡aCesty za poznáním | |
| 856 | 4 | 1. | ‡uhttp://kramerius4.nkp.cz/search/handle/uuid:eecfb410-ac53-11e4-a7a2-005056827e51 ‡yDigitalizovaný dokument |
| 910 | . | ‡aABH006 | |
| 901 | . | ‡a31084 ‡b ‡c31084 ‡tbiblio | |